Normal view
MARC view
- Seed labs manual
Entry Chronological Term
001 - CONTROL NUMBER
- control field: 128941
003 - CONTROL NUMBER IDENTIFIER
- control field: NUST
005 - DATE AND TIME OF LATEST TRANSACTION
- control field: 20250513100512.0
008 - FIXED-LENGTH DATA ELEMENTS
- fixed length control field: 250513|| aca||aabn | a|a d
040 ## - CATALOGING SOURCE
- Original cataloging agency: NUST
- Transcribing agency: NUST
148 ## - HEADING--CHRONOLOGICAL TERM
- Chronological term: Seed labs manual
670 ## - SOURCE DATA FOUND
- Source citation: Work cat.: (NUST)594408: Du, Wenlinag 111642, Seed labs : , 2018
